The age of the warrior / (Record no. 15019)
[ view plain ]
| 000 -LEADER | |
|---|---|
| fixed length control field | 01324nam a2200277 a 4500 |
| 001 - CONTROL NUMBER | |
| control field | ASIN0007270739 |
| 003 - CONTROL NUMBER IDENTIFIER | |
| control field | OSt |
| 005 - DATE AND TIME OF LATEST TRANSACTION | |
| control field | 20170105102909.0 |
| 008 - FIXED-LENGTH DATA ELEMENTS--GENERAL INFORMATION | |
| fixed length control field | 131025s2008 xxu eng d |
| 020 ## - INTERNATIONAL STANDARD BOOK NUMBER | |
| International Standard Book Number | 0007270739 (paperback) |
| Terms of availability | $21.25 |
| 020 ## - INTERNATIONAL STANDARD BOOK NUMBER | |
| International Standard Book Number | 9780007270736 (paperback) |
| 040 ## - CATALOGING SOURCE | |
| Original cataloging agency | a |
| 050 04 - LIBRARY OF CONGRESS CALL NUMBER | |
| Classification number | PN4873.F57 |
| 082 04 - DEWEY DECIMAL CLASSIFICATION NUMBER | |
| Classification number | 824.914 |
| Author Mark | FIS 2008 |
| 100 1# - MAIN ENTRY--PERSONAL NAME | |
| Personal name | Fisk, Robert. |
| 245 14 - TITLE STATEMENT | |
| Title | The age of the warrior / |
| Statement of responsibility, etc. | Robert Fisk. |
| 260 ## - PUBLICATION, DISTRIBUTION, ETC. | |
| Place of publication, distribution, etc. | [S.l.] : |
| Name of publisher, distributor, etc. | Fourth Estate Ltd, |
| Date of publication, distribution, etc. | 2008. |
| 300 ## - PHYSICAL DESCRIPTION | |
| Extent | 320 p. ; |
| Dimensions | 22 cm. |
| 520 ## - SUMMARY, ETC. | |
| Summary, etc. | A selection of Robert Fisk's finest 'Comment' pieces from the Saturday 'Independent'. Robert Fisk has amassed a devoted readership over the years, with his insightful, witty and always outspoken articles on international politics and mankind's war-torn recent history. He is best known for his writing about the Middle East, its wars, dictators and international relations, but these 'Comment' articles cover an array of topics, from his soldier grandfather to handwriting to the titanic - and of course President Bush, terrorism and Iraq. |
| 650 #0 - SUBJECT ADDED ENTRY--TOPICAL TERM | |
| Topical term or geographic name entry element | Fisk, Robert |
| 650 #0 - SUBJECT ADDED ENTRY--TOPICAL TERM | |
| Topical term or geographic name entry element | Foreign correspondents |
| 650 #0 - SUBJECT ADDED ENTRY--TOPICAL TERM | |
| Topical term or geographic name entry element | War correspondents |
| 650 #0 - SUBJECT ADDED ENTRY--TOPICAL TERM | |
| Topical term or geographic name entry element | World politics |
| 856 40 - ELECTRONIC LOCATION AND ACCESS | |
| Materials specified | Amazon.com |
| Uniform Resource Identifier | <a href="http://www.amazon.com/exec/obidos/ASIN/0007270739/chopaconline-20">http://www.amazon.com/exec/obidos/ASIN/0007270739/chopaconline-20</a> |
| 942 ## - ADDED ENTRY ELEMENTS (KOHA) | |
| Source of classification or shelving scheme | |
| Koha item type | Book |
| Withdrawn status | Lost status | Damaged status | Not for loan | Collection code | Permanent Location | Current Location | Shelving location | Date acquired | Total Checkouts | Full call number | Barcode | Date last seen | Price effective from | Koha item type |
|---|---|---|---|---|---|---|---|---|---|---|---|---|---|---|
| Centre for International Peace & Stability (CIPS) | Centre for International Peace & Stability (CIPS) | Fiction | 10/01/2013 | 824.914 FIS 2008 | CIPS0001509 | 10/25/2013 | 10/25/2013 | Book |
